logo

Bir Sreshtho Munshi Abdur Rouf Library
Jhenaidah Cadet College

Urban policy analysis : (Record no. 7653)

MARC details
000 -LEADER
fixed length control field 01252pam a2200301 a 4500
001 - CONTROL NUMBER
JCCL Control Number 7653
003 - CONTROL NUMBER IDENTIFIER
JCCL marc code BD-JhCC
005 - DATE AND TIME OF LATEST TRANSACTION
control field 20180417082625.0
008 - FIXED-LENGTH DATA ELEMENTS--GENERAL INFORMATION
fixed length control field 810824r19811983caua b 100 0 eng
020 ## - INTERNATIONAL STANDARD BOOK NUMBER
International Standard Book Number 0803916272
020 ## - INTERNATIONAL STANDARD BOOK NUMBER
International Standard Book Number 0803916280 (pbk.)
035 ## - SYSTEM CONTROL NUMBER
system control number (BD-JhCC)7653
040 ## - CATALOGING SOURCE
Original cataloging agency DLC
Transcribing agency DLC
Modifying agency DLC
-- BD-JhCC
041 ## - LANGUAGE CODE
Language code of Book eng
050 00 - LIBRARY OF CONGRESS CALL NUMBER
Classification number HT108
Item number .U7 vol. 21
Classification number HT123
082 00 - DEWEY DECIMAL CLASSIFICATION NUMBER
Classification number 307.7/6 URB 1981
DDC Edition number 19
245 00 - TITLE STATEMENT
Title Urban policy analysis :
Remainder of title directions for future research /
Statement of responsibility, etc edited by Terry Nichols Clark.
260 ## - PUBLICATION, DISTRIBUTION, ETC. (IMPRINT)
Place of publication, distribution, etc Beverly Hills, Calif. :
Name of publisher, distributor, etc Sage Publications,
Date of publication, distribution, etc c1981.
300 ## - PHYSICAL DESCRIPTION
Pagination 296 p. :
Other physical details ill. ;
Dimensions 21 cm.
440 #0 -
Title Urban affairs annual reviews ;
Volume number/sequential designation v. 21
500 ## - GENERAL NOTE
General note Includes edited papers presented at the Conference on Comparative Urban Policy Research, held Apr. 26-27, 1981, University of Chicago, which was supported by the National Science Foundation.
504 ## - BIBLIOGRAPHY, ETC. NOTE
Bibliography, etc Includes bibliographies.
650 #0 - SUBJECT ADDED ENTRY--TOPICAL TERM
Topical term or geographic name as entry element Urban policy
General subdivision Research
Geographic subdivision United States
Form subdivision Congresses.
700 1# - ADDED ENTRY--PERSONAL NAME
Personal name Clark, Terry Nichols,
Dates associated with a name 1940-
711 2# - ADDED ENTRY--MEETING NAME
Meeting name or jurisdiction name as entry element Conference on Comparative Urban Policy Research
Date of meeting (1981 :
Location of meeting University of Chicago)
856 42 - ELECTRONIC LOCATION AND ACCESS
Materials specified Publisher description
Uniform Resource Identifier http://www.loc.gov/catdir/enhancements/fy0660/81014404-d.html
942 ## - ADDED ENTRY ELEMENTS (KOHA)
Source of classification or shelving scheme Dewey Decimal Classification
Koha item type Books
Holdings
Source of classification or shelving scheme volume number Damaged status Not for loan Home library Current library Shelving location Date of accession Total Checkouts Full call number Barcode Date last seen Copy number Koha item type
Dewey Decimal Classification V-21     JCC Rouf Library JCC Rouf Library General Stacks 02/12/2018   307.7/6 URB 1981 10285 02/12/2018 C-1 Books

JCC Library | Contacts | JCC Home

Last Update on 23 September 2017
Copyright @ 2017-2020 JCC Rouf Library
Rouf Library, Jhenidah Cadet College (JCC), Bangladesh